Combination Lock: Actors Quiz Stats

 Plays Quiz Updated Jan 16, 2012

Challenge
Share
Tweet
For example, if you matched '[03] Jack Dawson' and '[25] Howard Hughes' to '[41] Leonardo Dicaprio', you would type out '03 25 41'.
Score 0/60 Timer 06:00
1 Play Today
% Correct
Stillеr
91.6%
Stillеr
91.6%
Stillеr
91.6%
Pіtt
82.9%
Pіtt
82.9%
Pіtt
82.9%
Dеpp
73.2%
Dеpp
73.2%
Dеpp
73.2%
Hаnks
70%
Hаnks
70%
Hаnks
70%
Damоn
69.1%
Damоn
69.1%
Damоn
69.1%
Pеnn
64.6%
Pеnn
64.6%
Pеnn
64.6%
Carrеy
64.2%
Carrеy
64.2%
Carrеy
64.2%
Jacksоn
60%
Jacksоn
60%
Jacksоn
60%
Willіs
58.2%
Willіs
58.2%
Willіs
58.2%
Washingtоn
53.2%
Washingtоn
53.2%
Washingtоn
53.2%
% Correct
Smіth
49.8%
Smіth
49.8%
Smіth
49.8%
Dоwney
48.4%
Dоwney
48.4%
Dоwney
48.4%
Spacеy
46%
Spacеy
46%
Spacеy
46%
Travоlta
45.7%
Travоlta
45.7%
Travоlta
45.7%
Fiennеs
42.8%
Fiennеs
42.8%
Fiennеs
42.8%
Crоwe
40.9%
Crоwe
40.9%
Crоwe
40.9%
Nоrton
39.7%
Nоrton
39.7%
Nоrton
39.7%
Maguirе
39.5%
Maguirе
39.5%
Maguirе
39.5%
Neesоn
38.6%
Neesоn
38.6%
Neesоn
38.6%
Lаw
34.4%
Lаw
34.4%
Lаw
34.4%

You're not logged in!

Compare scores with friends on all Sporcle quizzes.
Join for Free
OR
Log In

You Might Also Like...

Show Comments

Extras

Top Quizzes Today


Score Distribution

Your Account Isn't Verified!

In order to create a playlist on Sporcle, you need to verify the email address you used during registration. Go to your Sporcle Settings to finish the process.

Report this User

Report this user for behavior that violates our Community Guidelines.

Details: